000 00574nam a2200181Ia 4500
008 151202s9999||||xx |||||||||||||| ||und||
082 _bPNVM-46026
100 _aचावरे दिलीप.
245 _aसिद्धहस्त.
260 _b"क्रिएटिव्ह प्रिटंस्,मुंबई."
260 _c2004
300 _a181
600 _aचावरे दिलीप.
630 _aसिद्धहस्त.
700 _aचावरे दिलीप.
730 _aसिद्धहस्त.
942 _cBOOK
999 _c1311976
_d1311973